Art deco and modernist carpets / (Record no. 352505)

000 -LEADER
fixed length control field 00977 a2200253 4500
003 - CONTROL NUMBER IDENTIFIER
control field OSt
005 - DATE AND TIME OF LATEST TRANSACTION
control field 20180116192337.0
008 - FIXED-LENGTH DATA ELEMENTS--GENERAL INFORMATION
fixed length control field 120524t xxu||||| |||| 00| 0 eng d
010 ## - LIBRARY OF CONGRESS CONTROL NUMBER
LC control number 2002073372
020 ## - INTERNATIONAL STANDARD BOOK NUMBER
International Standard Book Number 0811836134
040 ## - CATALOGING SOURCE
Transcribing agency 0
082 00 - DEWEY DECIMAL CLASSIFICATION NUMBER
Classification number 746.79041
100 1# - MAIN ENTRY--PERSONAL NAME
Personal name Day, Susan,
9 (RLIN) 1830
245 10 - TITLE STATEMENT
Title Art deco and modernist carpets /
Statement of responsibility, etc. Susan Day.
260 ## - PUBLICATION, DISTRIBUTION, ETC.
Place of publication, distribution, etc. San Francisco :
Name of publisher, distributor, etc. Chronicle Books,
Date of publication, distribution, etc. 2002.
300 ## - PHYSICAL DESCRIPTION
Extent 224 p. :
Other physical details ill. (some col.) ;
Dimensions 33 cm.
500 ## - GENERAL NOTE
General note Includes bibliographical refrences and index
650 #0 - SUBJECT ADDED ENTRY--TOPICAL TERM
Topical term or geographic name entry element Carpets
Geographic subdivision Europe
General subdivision Design
-- History
Chronological subdivision 20th century.
9 (RLIN) 1831
650 #0 - SUBJECT ADDED ENTRY--TOPICAL TERM
Topical term or geographic name entry element Modernism (Art)
General subdivision Influence.
9 (RLIN) 1832
856 42 - ELECTRONIC LOCATION AND ACCESS
Materials specified Publisher description
Uniform Resource Identifier <a href="http://www.loc.gov/catdir/enhancements/fy0722/2002073372-d.html">http://www.loc.gov/catdir/enhancements/fy0722/2002073372-d.html</a>
856 42 - ELECTRONIC LOCATION AND ACCESS
Materials specified Contributor biographical information
Uniform Resource Identifier <a href="http://www.loc.gov/catdir/enhancements/fy0738/2002073372-b.html">http://www.loc.gov/catdir/enhancements/fy0738/2002073372-b.html</a>
942 ## - ADDED ENTRY ELEMENTS (KOHA)
Institution code [OBSOLETE] SADA
Koha item type Book
Call number prefix 746.79041 DAY 2002
Source of classification or shelving scheme
Holdings
Withdrawn status Lost status Source of classification or shelving scheme Damaged status Not for loan Permanent Location Current Location Date acquired Total Checkouts Full call number Barcode Date last seen Date last checked out Cost, replacement price Price effective from Koha item type
          School of Art Design and Architecture (SADA) School of Art Design and Architecture (SADA) 02/02/2011 1 746.79041 DAY 2002 SADA0000566 04/10/2025 03/17/2025 4707.00 08/05/2011 Book
© 2023 Central Library, National University of Sciences and Technology. All Rights Reserved.